000 00360nam a22001457a 4500
003 BD-DhUL
005 20170322170155.0
008 170322b xxu||||| |||| 00| 0 eng d
040 _cBD-DhUL
_dBD-DhUL
082 _a373.5414
_bCHN
245 _aYhe New Menance To /
260 _aCalcutta:
_bArt,
_c1935.
300 _a127p>;
_billl.,
_c27cm.
942 _2ddc
_cBK
999 _c167234
_d167234